000 01440nam0a2200337 4500
001 RU\NLR\BIBL_A\022384966
005 20260420021749.0
010 _a978-5-904316-71-6
021 _aRU
_bКН-П-24-059681
_9КН-П-24-5934
035 _a(NLR Aleph) 022384966
090 _a13670300
_c13670300
100 _a20241120d2024 u y0rusy50 ca
101 0 _arus
102 _aRU
105 _aacbhz 000zy
181 0 _ai
_baxxe
182 0 _an
200 1 _aИстория создания и функционирования загородных правительственных резиденций в Сочи
_fАртамонов А. Е.
203 _aТекст
_bвизуальный
_cнепосредственный
210 _aСочи
_cПлатонов
_d2024
215 _a302, [1] с., [8] л. цв. ил., портр.
_cил., портр., карт., факс.
_d25
320 _aБиблиогр.: с. 297-302
606 1 _aРезиденции
_yСССР
_92267619
_3RU\NLR\AUTH\6601588614
606 1 _aСанаторно-курортная помощь
_xИстория
_yСочи, город (Краснодарский край)
_2nlr_sh2
_3RU\NLR\AUTH\6601747940
686 1 _aТ3(2)7-3
686 1 _aР11(2)27г
700 1 _aАртамонов
_bА. Е.
_gАндрей Евгеньевич
942 _cBOOK
980 _aNB